000
00217 a2200085 4500
020
_a
9783035621426
100
_a
DREW WATTS
245
_a
MODERN STRUCTURAL DESIGN: A PROJECT PRIMER FOR COMPLEX FORMS
260
_b
BIRKHAUSER
999
_c
13072
_d
13072